States of the Confederation of the Rhine in 1812 - Statistics

General Stats
  • This quiz has been taken 3,120 times
    3,109 since last reset
  • The average score is 11 of 35
Answers on the Map
Answers color-coded by a green-red scale on the quiz's map according to % correct below.
 
Answer Stats
State % Correct
Bavaria
99%
Saxony
94%
Baden
91%
Hesse
77%
Württemberg
75%
Frankfurt
56%
Westphalia
56%
Liechtenstein
53%
Nassau
48%
Lippe
37%
Saxe-Coburg
32%
Mecklenburg-Schwerin
28%
Waldeck-Pyrmont
28%
Würzburg
27%
Berg
26%
Mecklenburg-Strelitz
25%
Saxe-Weimar
23%
Schaumburg-Lippe
22%
Hohenzollern-Sigmaringen
20%
Saxe-Gotha
20%
Anhalt-Dessau
18%
Erfurt
16%
Saxe-Meiningen
15%
Hohenzollern-Hechingen
14%
Reuss-Gera
14%
Anhalt-Bernburg
13%
Anhalt-Köthen
13%
Reuss-Greiz
13%
Schwarzburg-Rudolstadt
13%
Leyen
11%
Schwarzburg-Sondershausen
11%
Isenburg
10%
Saxe-Hildburghausen
9%
Reuss-Lobenstein
6%
Reuss-Schleiz
6%
No matching quizzes found
Score Distribution
Percent of People with Each Score
Percentile by Number Answered
Your Score History
You have not taken this quiz since the last reset